000 00630nam a22002177a 4500
005 20170124110102.0
010 _aA-899014
020 _c35.00
_a8175640456
035 _aA-899014
037 _bCen Lib/Ret
040 _aDPL
_bEN
082 _a651.75
_bVIN
100 _aVinod Kumar
_920444
245 _aArt of letter writing /
_cby Vinod Kumar
260 _a Delhi
_bSahni Publications
_c1998
270 _a4777,Dr. Mitra Gali Roshanara Road
_b Delhi
_e110007
300 _a180p.
_c17cm(Hb)
650 _aLetter writing
_927328
650 _aEnglish literature
_9141669
942 _2ddc
_cEN
_h651.75
_mVIN
999 _c129762
_d129762